LEADER 01047nam a2200265 i 4500 001 000000194258 003 CaOOAMICUS 005 20250903094608.0 008 170306s2011 it u000 u ita u 013 $a172907 020 $a978-3-423-19504-1 040 $aSeMil$bita 100 1 $aBöll, Heinrich,$d<1917-1985>.$0(OLS)http://semarc/name/16455 245 10$aIrisches Tagebuch /$cHeinrich Böll ; mit einem Essay von Heinrich Boll Dreizehn Jahre spater. 260 $aMünchen :$bDeutscher Taschenbuch Verlag,$c2011. 300 $a131 p. ;$c18 cm. 490 0 $aDtv ;$v50 830 0$aDtv ;$v50.$0(OLS)http://semarc/title/24372 850 $aSeMil 852 $aSeMil$W1$xVenegono$y1$m1V I 330$j144832$B144832$CSeMilBibl$Z2$F217953 $81 961 $aOmaggio: Perego don Stefano 996 $6020$a978-3-423-19504-1$9(OLS)http://semarc/number/274403 996 $6245$aIrisches Tagebuch$9(OLS)http://semarc/title/409313 996 $6260$aMünchen :$bDeutscher Taschenbuch Verlag$9(OLS)http://semarc/publisher/40457 LEADER 01220nam a2200289 i 4500 001 000000087406 003 CaOOAMICUS 005 20190430160407.0 008 140319s1992 it u000 u ita u 013 $a59646 020 $a88-420-0269-5 040 $aSeMil$bita 100 1 $aHusserl, Edmund,$d<1859-1938>.$0(OLS)http://semarc/name/3630 240 14$aDie Idee der Phanomenologie.$0(OLS)http://semarc/title/215629 245 12$aL'idea della fenomenologia /$cEdmund Husserl ; a cura di Carlo Sini. 260 $aRoma ; Bari :$bLaterza,$c1992. 300 $aVI, 141 p. ;$c21 cm. 490 0 $aBiblioteca filosofica Laterza 650 4$aFenomenologia - Filosofia.$0(OLS)http://semarc/subject/1114 700 1 $aSini, Carlo,$d<1933- >.$0(OLS)http://semarc/name/2635 830 0$aBiblioteca filosofica Laterza.$0(OLS)http://semarc/title/13017 850 $aSeMil 852 $aSeMil$W1$xSeveso$y2$m2P VII 300$j212424$B50904$CSeMilBibl$Z2$F55005 $81 996 $6020$a88-420-0269-5$9(OLS)http://semarc/number/67489 996 $6245$aL'idea della fenomenologia$9(OLS)http://semarc/title/133488 996 $6260$aRoma ; Bari :$bLaterza$9(OLS)http://semarc/publisher/30305